Sports Quiz

Random Sports or Clickable Quiz

2013 NBA Point Leaders in Order Quiz Stats

Quiz not verified by Sporcle

Challenge
Share
Tweet
Embed
Score 0/20 Timer 05:00
0 Plays Today
% Correct
???
98.6%
???
75.4%
???
61.2%
???
57.4%
???
52.7%
???
42.4%
???
34.5%
???
30.8%
???
18.8%
???
16.7%
% Correct
???
13.6%
???
12.2%
???
12%
???
8.3%
???
5.4%
???
4.1%
???
3.7%
???
3.1%
???
2.7%
???
2.5%

You're not logged in!

Compare scores with friends on all Sporcle quizzes.
Sign Up with Email
OR
Log In

You Might Also Like...

Show Comments

Extras

Top Quizzes Today


Score Distribution

Your Account Isn't Verified!

In order to create a playlist on Sporcle, you need to verify the email address you used during registration. Go to your Sporcle Settings to finish the process.